Responses for Show #1010 - Friday, January 13, 1989

Peggi Malys game 3.

Contestants

[<< previous game]

Robert Zimmerman, a geophysicist originally from the Bronx, New York

Sue Carey, a computer consultant from Walnut Creek, California (whose 1-day cash winnings total $15,400)

Peggi Malys, a medical student from Orlando, Florida (whose 2-day cash winnings total $25,200)

[next game >>]

Jeopardy! Round responses

HISPANIC AMERICA
BROADWAY LYRICS
IDAHO
TV TRIVIA
RHYMING PAIRS
PLASTICS
    $100 18
Mexico

Robert
    $100 4
simply love her

Peggi
    $100 26
[The end-of-round signal sounds.]

Mormons

Robert
    $100 12
Kraft

Robert
    $100 1
fall ball

Peggi
    $100 11
(Peggi: What is a [*]?)
(Alex: Be more speci, a Visa Card, yeah we'll accept it.)

credit card (Visa Card)

Peggi
    $200 19
Secretary of Education

Robert
    $200 6
comedy

Sue
    $200 13
Star Trek (The Next Generation)

Sue
    $200 2
reeling feeling

Sue
    $200 14
billiards

Robert
    $200 20
(Robert: Who are The Lobos? [*]?)
(Alex: From La Bamba, the story of Ritchie Valens.)
[The song was reprised going into the break.]

Los Lobos

Robert
    $300 7
"A Bushel and a Peck"

Sue
    $300 15
Zorro

Triple Stumper
    $300 3
car bar

Sue
    $300 23
epoxy

Peggi
    $400 21
(Sue: Who is um, [Hand to forehead] Linda, shoot, [Laughter] um...)
(Alex: She said, "Shoot." Robert?)
...
(Alex: You got it right and we've got a minute to go.)

Linda Ronstadt

SueRobert
    $400 8
whistle a happy tune

Sue
    $400 16
(Robert: Who is Susan George?)

Susan Anton

Robert
Triple Stumper
    $400 5
Roger Dodger

Sue
    $400 24
Legoland

Triple Stumper
    $500 22
(Peggi: What is Secretary of the Treasury?)

Treasurer of the United States

PeggiRobert
    $500 9
"Everything's Coming Up Roses"

Sue
    $500 17
Stefanie Powers

Triple Stumper
    $500 10
[Laughter.]

fragrant vagrant

Triple Stumper
    $500 25
polyester

Robert

Scores at the first commercial break (after clue 14):

Peggi Sue Robert
$300 $2,500 $300

Scores at the end of the Jeopardy! Round:

Peggi Sue Robert
$100 $2,100 $1,900

Double Jeopardy! Round responses

WORLD TRAVEL
ARCTIC ANIMALS
REVOLUTIONARY WAR
AUTHORS
FASHION HISTORY
NAMES IN THE NEWS
    $200 7
Persian Gulf

Sue
    $200 20
snow owl (snowy owl)

Sue
    $200 17
Valley Forge

Robert
    $200 1
Jack Kerouac

Robert
    $200 13
to keep their skin white (keep sun or wind off their face)

Sue
    $200 2
Hugh Hefner

Robert
    $400 8
(Robert: What is Saginaw Island?)

Mackinac

PeggiRobert
    $400 21
tusks

Robert
    $400 18
Breed's Hill

Peggi
    $400 9
Dickens

Peggi
    $400 19
argyles

Sue
    $400 3
ex-communicated

Robert
    $600 14
Arlington

Triple Stumper
    $600 25
polar bears

Peggi
    $600 22
(Robert: Wha, uh, who are the Sons of the Boston Tea Party?)
["American" was not in the wording of the clue.]

Liberty

Robert
    $600 10
Poet Laureate of England

Peggi
    $600 4
(Peggi: Who were the uh, men inducted into the Baseball Hall of Fame?)

astronauts on the space shuttle (crew of the Discovery)

PeggiRobert
    $800 15
(Alex: When you think of the film starring Melina Mercouri, Topkapi in [*].)

Istanbul

Triple Stumper
    $800 23
Alexander Hamilton

Triple Stumper
    $800 11
Anne Brontë

Peggi
    $800 27
[The end-of-round signal sounds.]

avant-garde

Peggi
    $800 5
Carl Rowan

Robert
    $1000 16
San Francisco

Robert
    $1000 24
(Sue: What is the Northwestern Territory?)
(Alex: [*], right, and we've got less than a minute to go.)

Northwest Territory

Sue
    $1000 12
(Robert: Who is Roman Polanski?)

Romain Gary

Robert
Triple Stumper
    $2,000 26
cravat

Peggi
    $1000 6
Stanley

Triple Stumper

Scores at the end of the Double Jeopardy! Round:

Peggi Sue Robert
$5,500 $4,100 $3,700

[wagering suggestions for these scores]

Final Jeopardy! Round responses

THE WESTERN HEMISPHERE
RobertWhat is Mexico
$3,690
SueWhat is Paraguay?
$4,100
PeggiWhat is Colombia?
$2,701
Brazil

Final scores:

Peggi Sue Robert
$2,799 $0 $10
3-day champion: $27,999 3rd place: Adler-Royal Satellite 4 electronic typewriter 2nd place: Sherwood remote control audio system + 12-volume The Motion Picture Guide by Cinebooks

Game dynamics:

Coryat scores:

Peggi Sue Robert
$4,500 $4,100 $4,400
12 R
(including 1 DD),
2 W
13 R,
1 W
17 R
(including 1 DD),
4 W
(including 1 DD)

Combined Coryat: $13,000

[game clues] [game scores] [suggest correction]

Game tape date: 1988-10-10
The J! Archive is created by fans, for fans. Scraping, republication, monetization, and malicious use prohibited; this site may use cookies and collect identifying information. See terms. The Jeopardy! game show and all elements thereof, including but not limited to copyright and trademark thereto, are the property of Jeopardy Productions, Inc. and are protected under law. This website is not affiliated with, sponsored by, or operated by Jeopardy Productions, Inc. Join the discussion at JBoard.tv.